| 000 | 007130000a22002410004500 | ||
|---|---|---|---|
| 003 | LK-CoMWRAF | ||
| 005 | 20231211122156.0 | ||
| 008 | 230817t2003 ||||| |||| 00| 0 eng d | ||
| 020 | _a8170213649 | ||
| 040 |
_aLK-CoMWRAF _dLK-CoMWRAF _eLK-CoMWRAF |
||
| 041 | _aeng | ||
| 082 |
_a612.665 _bBUR |
||
| 100 | _aBurnett, J.C. | ||
| 245 | _aThe change of life in women and the ills and ailings incident thereto | ||
| 260 |
_aNew Delhi: _bB. Jain Publishers (P) Ltd., _c2003 |
||
| 300 |
_avi, 72 p. _bIndex included |
||
| 650 | _a Generative organs, Female Diseases | ||
| 650 | _a Genital Diseases, Female | ||
| 650 | _aGynecologic pathology | ||
| 650 | _aHomeopathy | ||
| 650 | _aMenopause | ||
| 942 | _cBK | ||
| 999 |
_c2162 _d2162 |
||